Bài tập hình học cao cấp T.1 Hình học afin và hình học euclide

Gespeichert in:
Bibliographische Detailangaben
1. Verfasser: Nguyễn Văn Đoành
Weitere Verfasser: Phạm Bình Đô (tác giả), Trần Lê Tường (tác giả)
Format: Buch
Veröffentlicht: H. Giáo dục 1984
Schlagworte:
Tags: Tag hinzufügen
Keine Tags, Fügen Sie den ersten Tag hinzu!
Thư viện lưu trữ: Trung tâm Học liệu Lê Vũ Hùng, Trường Đại học Đồng Tháp
LEADER 01113pam a22002898a 4500
001 00020378
005 20171026081023.0
008 110517s1984 ||||||Viesd
041 0 # |a Vie 
082 1 # |a 516.007 6  |b B103T 
100 0 # |a Nguyễn Văn Đoành 
245 0 0 |a Bài tập hình học cao cấp  |c Nguyễn Văn Đoành, Phạm Bình Đô, Trần Lê Tường  |n T.1  |p Hình học afin và hình học euclide 
260 # # |a H.  |b Giáo dục  |c 1984 
300 # # |a 220 tr.  |c 21 cm. 
650 |a Hình học afin 
650 |a Hình học cao cấp 
653 # # |a Toán học 
700 0 # |a Phạm Bình Đô  |e tác giả 
700 0 # |a Trần Lê Tường  |e tác giả 
852 # # |b Kho giáo trình  |j KGT.0004072, KGT.0004073, KGT.0004074, KGT.0004075, KGT.0004076 
852 # # |b Kho mượn  |j KGT.0004072 
852 # # |b Kho đọc  |j KD.0005798 
852 # # |j KD.0005798  |j KGT.0004073  |j KGT.0004074  |j KGT.0004076  |j KGT.0004075 
910 # # |a nhnam  |d 17/05/2011 
980 # # |a Trung tâm Học liệu Lê Vũ Hùng, Trường Đại học Đồng Tháp